Responses for Show #1138 - Wednesday, July 12, 1989

1989 Senior Tournament quarterfinal game 3.

Contestants

[<< previous game]

Tom Welter, a quality controller from Anaheim, California

Gil Hennegar, an accountant from Baltimore, Maryland

Maureen Harte, an information systems advisor from Orange, California

[next game >>]

Jeopardy! Round responses

THE 1955 EMMYS
BEN FRANKLIN
FLAGS
GUINNESS RECORDS
GERMANY
"PAL"s
    $100 11
(Alex: The president in 1955 was [*].)

Dwight David Eisenhower

Triple Stumper
    $100 7
the Declaration of Independence

Gil
    $100 6
Liberia

Tom
    $100 16
salad

Tom
    $100 25
(Tom: What is East Germany?)

West Germany

GilTom
    $100 1
a palette

Tom
    $200 12
Perry Como

Gil
    $200 8
a stove

Maureen
    $200 13
yellow

Maureen
    $200 17
Moscow

Maureen
    $200 26
Berlin Wall

Gil
    $200 2
a palace

Maureen
    $300 20
You'll Never Get Rich or the Sergeant Bilko show (The Phil Silvers Show)

Tom
    $300 9
slavery

Tom
    $300 14
the Southern Cross

Gil
    $300 18
credit cards

Tom
    $300 27
gymnasium

Tom
    $300 3
palatable

Gil
    $400 21
Marcel Marceau

Triple Stumper
    $400 10
(Tom: What is a $50 bill?)
(Maureen: What is the $5 bill?)
...
(Alex: Sorry, Gil, you didn't ring in fast enough.)

a $100 bill

MaureenTom
Triple Stumper
    $400 15
the stars (a canton)

Maureen
    $400 19
bees

Tom
    $400 28
(Gil: Who is Bach?)

Martin Luther

MaureenGil
    $400 4
the Palladium

Maureen
    $500 22
Your Hit Parade

Tom
    $500 23
printing

Gil
    $500 24
Nepal

Gil
    $400 30
(Alfred Lord) Tennyson

Tom
    $500 29
Dresden

Tom
    $500 5
pallor

Maureen

Scores at the first commercial break (after clue 15):

Maureen Gil Tom
$1,500 $900 $100

Scores at the end of the Jeopardy! Round:

Maureen Gil Tom
$2,100 $1,800 $2,800

Double Jeopardy! Round responses

QUOTES
MOVIE CLASSICS
KISSES
GEOGRAPHY
AMERICAN FOOD
SPEAK OF THE DICKENS
    $200 13
curl

Maureen
    $200 3
Charlton Heston

Maureen
    $2,000 12
"Kisses Sweeter Than Wine"

Tom
    $200 1
Suez & the Panama

Gil
    $200 11
potatoes

Tom
    $200 9
David Copperfield

Gil
    $400 19
Duke of Wellington

Maureen
    $400 4
King Kong

Tom
    $400 18
lipstick

Tom
    $400 2
Hebrides

Tom
    $400 16
maple syrup

Gil
    $400 10
French Revolution

Tom
    $600 20
Hello, suckers!

Tom
    $600 5
(Tom: What are the [*] with Bing, Bob & Dorothy?)

"Road" pictures

Tom
    $600 27
Esau

Maureen
    $600 8
Pan American

Triple Stumper
    $600 23
Swanson

Maureen
    $600 14
Nicholas Nickleby

Triple Stumper
    $800 21
Medici

Gil
    $2,000 6
It Happened One Night

Tom
    $800 29
Comin' Thro' the Rye

Maureen
    $800 26
Peru

Tom
    $800 24
popovers

Maureen
    $800 15
Hard Times

Triple Stumper
    $1000 22
Mark Twain

Triple Stumper
    $1000 7
Mr. Smith Goes to Washington

Maureen
    $1000 30
(Maureen: Who is Marguerite?)

Helen of Troy

Maureen
Triple Stumper
    $1000 28
Tunisia

Triple Stumper
    $1000 25
(Maureen: What is A?)

good

Maureen
Triple Stumper
    $1000 17
The Old Curiosity Shop

Gil

Scores at the end of the Double Jeopardy! Round:

Maureen Gil Tom
$4,700 $4,400 $10,600
(lock game)

Final Jeopardy! Round responses

FAIRY TALES
GilWhat is Hans
$3,700
MaureenWhat is Jack
$2,700
TomWhat is Hans?
$1,000
Hans

Final scores:

Maureen Gil Tom
$2,000 $8,100 $11,600
3rd place: $1,000 if eliminated 2nd place: $1,000 if eliminated Automatic semifinalist

Game dynamics:

Coryat scores:

Maureen Gil Tom
$4,700 $4,400 $7,700
16 R,
3 W
13 R,
1 W
21 R
(including 3 DDs),
2 W

Combined Coryat: $16,800

[game clues] [game scores] [suggest correction]

Game tape date: 1989-02-27
The J! Archive is created by fans, for fans. Scraping, republication, monetization, and malicious use prohibited; this site may use cookies and collect identifying information. See terms. The Jeopardy! game show and all elements thereof, including but not limited to copyright and trademark thereto, are the property of Jeopardy Productions, Inc. and are protected under law. This website is not affiliated with, sponsored by, or operated by Jeopardy Productions, Inc. Join the discussion at JBoard.tv.